01643nam a2200433 i 450000100060000000300080000600500170001400600190003100700150005000800410006502000180010602000270012403500230015103500240017403500250019803500220022304000310024505000210027608000100029708200160030710000360032324501130035926400420047230000440051433600310055833700330058933800430062250000230066558801270068859001640081565000280097965000260100765000200103365000310105365500270108479700190111185600620113099900170119285418FlNmELB20241217171406.0m o d | cr cnu||||||||141102s2011 sp o 001 0 spa d z9788468115054 a9788468146508 (e book) a(MiAaPQ)EBC3208146 a(Au-PeEL)EBL3208146 a(CaPaEBR)ebr10647413 a(OCoLC)1010714433 aFINmELBbspaerdacFINmELB 4aHF5485bZ35 2011 a658.70 a658.7852231 aZapatero Álvarez, Ana Isabel.10aCuaderno del alumno preparación de pedidos :bformación para el empleo /cAna Isabel Zapatero Álvarez. 1aMadrid :bEditorial CEP, S.L.,c2011. a1 recurso en línea (ii, 45 páginas) atextobtxt2rdacontent/spa acomputadorabc2rdamedia/spa arecurso en líneabcr2rdacarrier/spa aContiene índice. aDescripción basada en recurso en línea; Título de la página del título en PDF (e-libro, visto november 2, 2014). aRecurso electrónico. Santa Fe, Arg.: e-libro, 2015. Disponible vía World Wide Web. El acceso puede estar limitado para las bibliotecas afiliadas a e-libro. 0aWarehousesxManagement. 0aEmployee orientation. 4aAlmacenamiento. 4aOrientación profesional. 4aLibros electrónicos.2 ae-libro, Corp.40uhttps://elibro.net/ereader/politecnicointernacional/50530 c85418d85418